<?xml version="1.0" encoding="UTF-8"?><?xml-stylesheet type="text/xsl" href="static/style.xsl"?><OAI-PMH xmlns="http://www.openarchives.org/OAI/2.0/" xmlns:xsi="http://www.w3.org/2001/XMLSchema-instance" xsi:schemaLocation="http://www.openarchives.org/OAI/2.0/ http://www.openarchives.org/OAI/2.0/OAI-PMH.xsd"><responseDate>2026-06-02T15:22:56Z</responseDate><request verb="GetRecord" identifier="oai:riuma.uma.es:10630/16051" metadataPrefix="marc">https://riuma.uma.es/rest/oai/request</request><GetRecord><record><header><identifier>oai:riuma.uma.es:10630/16051</identifier><datestamp>2026-02-03T12:17:08Z</datestamp><setSpec>com_10630_2254</setSpec><setSpec>col_10630_37959</setSpec></header><metadata><record xmlns="http://www.loc.gov/MARC21/slim" xmlns:dcterms="http://purl.org/dc/terms/" xmlns:doc="http://www.lyncode.com/xoai" xmlns:xsi="http://www.w3.org/2001/XMLSchema-instance" xsi:schemaLocation="http://www.loc.gov/MARC21/slim http://www.loc.gov/standards/marcxml/schema/MARC21slim.xsd">
   <leader>00925njm 22002777a 4500</leader>
   <datafield ind2=" " ind1=" " tag="042">
      <subfield code="a">dc</subfield>
   </datafield>
   <datafield ind2=" " ind1=" " tag="720">
      <subfield code="a">Salcedo, Inés R.</subfield>
      <subfield code="e">author</subfield>
   </datafield>
   <datafield ind2=" " ind1=" " tag="720">
      <subfield code="a">Quintero, Estefanía</subfield>
      <subfield code="e">author</subfield>
   </datafield>
   <datafield ind2=" " ind1=" " tag="720">
      <subfield code="a">Bazaga-García, Montse</subfield>
      <subfield code="e">author</subfield>
   </datafield>
   <datafield ind2=" " ind1=" " tag="720">
      <subfield code="a">Pérez-Colodrero, Rosario Mercedes</subfield>
      <subfield code="e">author</subfield>
   </datafield>
   <datafield ind2=" " ind1=" " tag="720">
      <subfield code="a">Olivera-Pastor, Pascual</subfield>
      <subfield code="e">author</subfield>
   </datafield>
   <datafield ind2=" " ind1=" " tag="720">
      <subfield code="a">Ramírez-Losilla, Enrique</subfield>
      <subfield code="e">author</subfield>
   </datafield>
   <datafield ind2=" " ind1=" " tag="720">
      <subfield code="a">Cabeza-Díaz, Aurelio</subfield>
      <subfield code="e">author</subfield>
   </datafield>
   <datafield ind2=" " ind1=" " tag="260">
      <subfield code="c">2018-06-28</subfield>
   </datafield>
   <datafield ind2=" " ind1=" " tag="520">
      <subfield code="a">Acidic groups-containing metal phosphonates exhibit a wide range of proton&#xd;
conductivity depending on the water content and functionality. Moreover, this property can&#xd;
be enhanced by appropriate post-synthesis chemical and/or thermal treatments [1,2].&#xd;
In this work, focus is laid on properties derived from the combination of lanthanide ions&#xd;
with the amino-sulfophosphonate ligand (H2O3PCH2)2-N-(CH2)2-SO3H. Highthrough-put&#xd;
screening was used to reach the optimal synthesis conditions under hydrothermal&#xd;
conditions at 140 ºC. Isolated polycrystalline solids, Ln[(O3PCH2)2-NH-(CH2)2-SO3H]·2H2O&#xd;
(Ln= La, Pr, Sm, Eu, Gd, Tb and Er), crystallize in the monoclinic (La and Er) and&#xd;
orthorhombic (Pr, Sm, Eu, Gd and Tb) systems with unit cell volume of ~1200 and 2548 Å3&#xd;
respectively. Their crystal structures, solved ab initio from X-ray powder diffraction data,&#xd;
correspond to different layered frameworks depending on the lanthanide cation size. Thus,&#xd;
compounds with orthorhombic symmetry show free acidic sulfonic pointing to the interlayer&#xd;
space, while La- and Er- derivatives display layered structures where both phosphonate&#xd;
and sulfonated groups are coordinated to the metal, leaving free P-OH groups. As&#xd;
consequence of this structural variability, different H-bond networks and proton transfer&#xd;
pathways are generated. Preliminary proton conductivity measurements have been carried&#xd;
out between 25 and 80 ºC at 70-95 % relative humidity. The sample exhibits conductivities&#xd;
near to 3.10-3 S.cm-1 and activation energies characteristics of a Grotthuss-type&#xd;
mechanism of proton transfer.</subfield>
   </datafield>
   <datafield ind1="8" ind2=" " tag="024">
      <subfield code="a">https://hdl.handle.net/10630/16051</subfield>
   </datafield>
   <datafield tag="653" ind2=" " ind1=" ">
      <subfield code="a">Química orgániza - Congresos</subfield>
   </datafield>
   <datafield ind2="0" ind1="0" tag="245">
      <subfield code="a">Synthesis and proton conduction properties of lanthanide amino-sulfophosphonates</subfield>
   </datafield>
</record>
</metadata></record></GetRecord></OAI-PMH>